Waters of life and death : (Record no. 4455)

MARC details
000 -LEADER
fixed length control field 00790 a2200205 4500
010 ## - LCCN (DPL NO)
LC control number ENG-86313
020 ## - INTERNATIONAL STANDARD BOOK NUMBER
International Standard Book Number 8172148917
Terms of availability 225.00
035 ## - SYSTEM CONTROL NUMBER
System control number EN-69846
037 ## - SOURCE OF ACQUISITION
Source of stock number/acquisition DBAD / PUB
082 14 - DEWEY DECIMAL CLASSIFICATION NUMBER
Classification number 363.61
245 1# - TITLE STATEMENT
Title Waters of life and death :
Remainder of title ethical and theological responses to contempoary water crises /
Statement of responsibility, etc ed. by Sam Peedikayil Mathew [and] Chandran Paul Martin
260 ## - PUBLICATION, DISTRIBUTION, ETC. (IMPRINT)
Place of publication, distribution, etc Delhi
Name of publisher, distributor, etc Indian Society for Promoting Christian Knowledge
Date of publication, distribution, etc 2005
300 ## - PHYSICAL DESCRIPTION
Extent xviii, 280 p.
Dimensions 23 cm. (Pbk)
520 ## - SUMMARY, ETC.
Summary, etc Contributed research papers presented at various seminars.
650 #0 - SUBJECT ADDED ENTRY--TOPICAL TERM
Topical term or geographic name as entry element Water
General subdivision Religious aspects
-- Christianity
650 #0 - SUBJECT ADDED ENTRY--TOPICAL TERM
Topical term or geographic name as entry element Water conservation
Geographic subdivision India
700 1# - ADDED ENTRY--PERSONAL NAME
Personal name Martin, Chandran Paul
700 1# - ADDED ENTRY--PERSONAL NAME
Personal name Mathew, Sam Peedikayil
942 ## - ADDED ENTRY ELEMENTS (KOHA)
Institution code [OBSOLETE] dpl
Item type English Books
Source of classification or shelving scheme Dewey Decimal Classification
Classification part 363.61
Call number suffix WAT
Holdings
Withdrawn status Lost status Not for loan Collection code Home library Current library Source of acquisition Cost, normal purchase price Full call number Barcode Copy number Cost, replacement price Koha item type
    Not For Loan Non-fiction D.B.Act.Division D.B.Act.Division DBAD/PUB 225.00 363.61 WAT EN-69846 1 225.00 English Books

© Delhi Public Library
Hit Counter
free hit counter